| 000 | 00897nam a22002657a 4500 | ||
|---|---|---|---|
| 005 | 20250327045315.0 | ||
| 008 | 250327b |||||||| |||| 00| 0 eng d | ||
| 020 | _a9781484277003 | ||
| 040 | _cAIMIT LIBRARY | ||
| 082 |
_21 _a005.368 _bHARD |
||
| 100 |
_aHarrison, Dave. _9206938 |
||
| 245 |
_aAchieving devops : _bNovel about delivering the best of agile devops and microservices / _cBy Dave Harrison and Knox Lively. |
||
| 250 | _a1st ed. | ||
| 260 |
_aNew York : _bApress , _c2025. |
||
| 300 |
_axx,496 p.; _bPB _c24.5 cm. |
||
| 650 |
_aAbyss stares back _9206939 |
||
| 650 |
_aWhere do i start _9206940 |
||
| 650 |
_aShifting left _9206941 |
||
| 650 |
_aBesieging the mountain _9206942 |
||
| 650 |
_aNumbers lead the way _9206943 |
||
| 650 |
_aBuild a fire _9206944 |
||
| 650 |
_aEnd of the beginning _9206945 |
||
| 700 |
_aLively, Knox. _9206946 |
||
| 942 |
_2ddc _cBK _e1st _k005.368 HARD |
||
| 999 |
_c234014 _d234014 |
||